2025-26 EFL Championship Table - Statistics

General Stats
  • This quiz has been taken 48 times
  • The average score is 20 of 24
Answer Stats
Place Points Team % Correct
1 95 Coventry City
100%
24 0 Sheffield Wednesday
97%
6 73 Hull City
94%
2 84 Ipswich Town
92%
5 80 Middlesbrough
92%
3 83 Millwall
92%
4 80 Southampton
92%
23 46 Leicester City
89%
13 60 Sheffield United
89%
17 55 Stoke City
86%
12 62 Bristol City
83%
8 69 Derby County
83%
15 58 Queens Park Rangers
83%
11 64 Swansea City
83%
7 71 Wrexham
83%
22 47 Oxford United
81%
9 65 Norwich City
78%
10 64 Birmingham City
75%
21 51 West Bromwich Albion
75%
14 60 Preston North End
72%
16 57 Watford
72%
20 52 Blackburn Rovers
69%
19 53 Charlton Athletic
69%
18 55 Portsmouth
67%
No matching quizzes found
Score Distribution
Percent of People with Each Score
Percentile by Number Answered
Your Score History
You have not taken this quiz